000 00523nam a2200157Ia 4500
003 GCL
008 140319s9999 xx 000 0 ara d
040 _aGCL /
_cGCL
082 0 4 _a340.03
_bع م
100 1 _aعبدالفتاح مراد
_vReviewer
_@
…راجع
245 1 0 _aالمعجم القانونى رباعى اللغة : فرنسى - انجليزى - ايطالى - عربى /
_cعبدالفتاح مراد
300 _a751 ص
490 _a
650 0 4 _aالقانون - معاجم
942 _2ddc
_cBK
999 _c43426
_d43426